| 000 | 00684nam a22002057a 4500 | ||
|---|---|---|---|
| 999 |
_c10457 _d10457 |
||
| 003 | AR-CdUCM | ||
| 008 | 190401b ||||| |||| 00| 0 spa d | ||
| 040 |
_aMUNICIPALIDAD PROVINCIAL DEL CUSCO _cBIBLIOTECA MUNICIPAL DEL CUSCO |
||
| 082 |
_a701.17 / _bP75 / 1903 |
||
| 100 |
_aPolar, Jorge _926299 |
||
| 245 | _aNociones de estética / | ||
| 260 |
_aArequipa : _bBolívar, _c1903. |
||
| 300 |
_a128 paginas ; _c19 cm. |
||
| 505 | _aContenido : De regreso -- Plan -- De la belleza en general -- Física estética -- Preámbulo -- La luz, el calor ... | ||
| 650 |
_aEstética _9589 |
||
| 650 |
_aNociones _927328 |
||
| 650 |
_aBelleza _92629 |
||
| 942 |
_2ddc _cLIBROS |
||
| 945 | _arah | ||